On This Day: March 26th II Quiz Stats

 Plays Quiz Updated Mar 26, 2018

Challenge
Share
Tweet
Embed
Score 0/7 Timer 03:00
0 Plays Today
Question Answer Wrong Answers
This American singer-songwriter, best known as the lead singer of the rock band Aerosmith, is born.
1948
Steven Tyler
90.4%
Mick Jagger
2.2%
Alice Cooper
2.1%
Axl Rose
3.8%
Ground is formally broken for this national memorial in Washington, D.C., which features a Memorial Wall etched with the names servicemen.
1982
Vietnam Veterans Memorial
86.7%
Lincoln Memorial
4.7%
Washington Monument
4.7%
Marine Corps War Memorial
1.7%
With Francisco Franco seeking an unconditional surrender, Nationalists begin a final offensive to take full control of ______.
1939
Spain
84.2%
Portugal
5.1%
Chile
6.5%
Brazil
2.8%
This company is founded as the national airline of Switzerland.
1931
Swissair
77.2%
Bern Airways
2.1%
Alp Air
0.9%
Lufthansa
19%
The First Battle of Gaza takes place, with British troops halted after the forces of this nation block their advance before taking the city.
1917
Ottoman Empire
75.8%
France
5.1%
Greece
6.9%
Kingdom of Hejaz
12%
East Pakistan declares its independence from Pakistan to form the People’s Republic of ______, sparking war.
1971
Bangladesh
69.1%
Afghanistan
11.5%
India
7.6%
Kyrgyzstan
9.8%
Protests against alleged corruption in the ______ government take place simultaneously in 99 cities across the country.
2017
Russian
57.2%
Mexican
34.3%
Canadian
1.8%
Australian
4.2%

You're not logged in!

Compare scores with friends on all Sporcle quizzes.
OR
Log In

You Might Also Like...

Show Comments

Extras

Top Quizzes Today


Score Distribution

Your Account Isn't Verified!

In order to create a playlist on Sporcle, you need to verify the email address you used during registration. Go to your Sporcle Settings to finish the process.

Report this User

Report this user for behavior that violates our Community Guidelines.

Details: